000
00304nam a22001337a 4500
008
170505b xxu||||| |||| 00| 0 eng d
020
_a
2900495097050
041
_a
eng
080
_2
4TH
_a
34
100
_a
15
101
_a
SHJ
245
_a
AMERICAN CONSTITUTIONAL LAW
_c
STEPHENS, O.H
942
_2
udc
_c
BK
999
_c
12737
_d
12737